[Event "TCh-FRA Top 12 2017"]
[Site "Chartres FRA"]
[Date "2017.05.24"]
[Round "7.6"]
[Board "5"]
[White "Wirig, Anthony"]
[Black "Demuth, Adrien"]
[Result "1/2-1/2"]
[WhiteTitle "GM"]
[BlackTitle "GM"]
[WhiteElo "2486"]
[BlackElo "2542"]
[WhiteTeam "GRASSE Echecs"]
[BlackTeam "NICE Alekhine"]
[WhiteFideId "615013"]
[BlackFideId "642274"]
[EventDate "2017.05.18"]

1. d4 d5 2. Nf3 e6 3. c4 c5 4. cxd5 exd5 5. g3 Nf6 6. Bg2 Be7 7. O-O O-O 8. Nc3
Nc6 9. dxc5 Bxc5 10. a3 Ne4 11. Nxd5 Be6 12. Nc3 Nxc3 13. bxc3 Qxd1 14. Rxd1
Rad8 1/2-1/2

[Event "TCh-FRA Top 12 2017"]
[Site "Chartres FRA"]
[Date "2017.05.24"]
[Round "7.6"]
[Board "6"]
[White "Rambaldi, Francesco"]
[Black "Apicella, Manuel"]
[Result "1/2-1/2"]
[WhiteTitle "GM"]
[BlackTitle "GM"]
[WhiteElo "2542"]
[BlackElo "2515"]
[WhiteTeam "NICE Alekhine"]
[BlackTeam "GRASSE Echecs"]
[WhiteFideId "20657307"]
[BlackFideId "600164"]
[EventDate "2017.05.18"]

1. d4 Nf6 2. Nf3 e6 3. Bf4 c5 4. e3 d5 5. c3 Nc6 6. Nbd2 Bd6 7. Bg3 O-O 8. Bb5
Ne7 9. Bd3 Ng6 10. Bxg6 hxg6 11. Bxd6 Qxd6 12. Ne5 b5 13. Nb3 c4 14. Nc5 a5 15.
h4 Ba6 16. g4 Rfc8 17. h5 g5 18. h6 g6 19. Nxa6 Rxa6 20. h7+ Nxh7 21. Qf3 Ra7
22. Rh6 f6 23. Nxg6 Rg7 24. Qh3 b4 25. Kf1 bxc3 26. bxc3 Rb8 27. Kg2 Rb2 28. Rh1
Qd7 29. Qh2 a4 30. a3 Rb3 31. Kf3 1/2-1/2

[Event "TCh-FRA Top 12 2017"]
[Site "Chartres FRA"]
[Date "2017.05.24"]
[Round "7.6"]
[Board "7"]
[White "Libiszewski, Fabien"]
[Black "Babault, Patrice"]
[Result "1/2-1/2"]
[WhiteTitle "GM"]
[BlackTitle "FM"]
[WhiteElo "2544"]
[BlackElo "2411"]
[WhiteTeam "GRASSE Echecs"]
[BlackTeam "NICE Alekhine"]
[WhiteFideId "616834"]
[BlackFideId "623822"]
[EventDate "2017.05.18"]

1. e4 c6 2. d4 d5 3. e5 Bf5 4. Nd2 e6 5. Nb3 Nd7 6. Nf3 a6 7. Be2 c5 8. dxc5
Nxc5 9. O-O Nxb3 10. axb3 Bc5 11. c3 Ne7 12. b4 Ba7 13. Nd4 Bxd4 14. Qxd4 O-O
15. Bg5 h6 16. Bxe7 Qxe7 17. Rfe1 Rfd8 18. Bf1 Rac8 19. Ra3 Bg6 20. Rd1 Bc2 21.
Rd2 Bg6 22. Ra1 Kh8 23. Rad1 Bh5 24. Re1 Bg6 25. Qe3 Kg8 26. Rd4 Rc7 27. Qd2
Rdc8 28. Qd1 Kh8 29. Re3 Rf8 30. Qg4 Bf5 31. Qg3 Be4 32. Rd1 Rcc8 33. Re2 Ra8
34. Red2 Rfd8 35. Rd4 Bf5 36. Qe3 Rdc8 37. Ra1 Kg8 38. Ra5 Rd8 39. Ra1 Rdc8 40.
Qd2 Rab8 41. Re1 Rc7 42. Qf4 Bg6 43. Re3 Bf5 44. h4 Rf8 45. Be2 Be4 46. Rg3 Kh8
47. Bf3 Bh7 48. Qe3 Bf5 1/2-1/2

[Event "TCh-FRA Top 12 2017"]
[Site "Chartres FRA"]
[Date "2017.05.25"]
[Round "8.1"]
[Board "3"]
[White "Bacrot, Etienne"]
[Black "Milov, Vadim"]
[Result "1/2-1/2"]
[WhiteTitle "GM"]
[BlackTitle "GM"]
[WhiteElo "2696"]
[BlackElo "2604"]
[WhiteTeam "BISCHWILLER"]
[BlackTeam "TREMBLAY EN FRANCE"]
[WhiteFideId "605506"]
[BlackFideId "1304364"]
[EventDate "2017.05.18"]

1. e4 e5 2. Nf3 Nc6 3. Bb5 a6 4. Ba4 Nf6 5. O-O Be7 6. d3 d6 7. c3 O-O 8. Re1
Nd7 9. Bc2 Bf6 10. Nbd2 g6 11. Nf1 Bg7 12. d4 Nf6 13. Ng3 Bg4 14. d5 Ne7 15. h3
Bd7 16. c4 c5 17. dxc6 Bxc6 18. b3 Qc7 19. Ba3 Rfd8 20. Qd2 b5 21. Rad1 Ne8 22.
Nf1 Qb7 23. Ne3 Nf6 24. Nd5 Nexd5 25. cxd5 Be8 26. Bb4 Qa7 27. Ba5 Rdc8 28. Bd3
Nd7 1/2-1/2

[Event "TCh-FRA Top 12 2017"]
[Site "Chartres FRA"]
[Date "2017.05.25"]
[Round "8.1"]
[Board "6"]
[White "Shirazi, Kamran"]
[Black "Pelletier, Yannick"]
[Result "1/2-1/2"]
[WhiteTitle "IM"]
[BlackTitle "GM"]
[WhiteElo "2367"]
[BlackElo "2543"]
[WhiteTeam "TREMBLAY EN FRANCE"]
[BlackTeam "BISCHWILLER"]
[WhiteFideId "2000733"]
[BlackFideId "1301837"]
[EventDate "2017.05.18"]

1. e4 e6 2. d4 d5 3. Nc3 Nf6 4. exd5 exd5 5. a3 Bf5 6. h3 Bd6 7. g4 Be4 8. Nxe4
Nxe4 9. Bg2 Nd7 10. Ne2 Qh4 11. Bxe4 dxe4 12. Nc3 O-O 13. Be3 Rae8 14. Qe2 Qe7
15. Qb5 Nb6 16. Nd5 Nxd5 17. Qxd5 c6 18. Qb3 Kh8 19. O-O-O f5 20. gxf5 Rxf5 21.
d5 c5 22. Qa4 a6 23. Rhg1 Rh5 24. Rg4 g6 25. h4 Kg7 26. Bg5 Qf7 27. Rxe4 b5 28.
Qxa6 Rxe4 29. Qxd6 h6 30. Be3 Ree5 31. Bxc5 Rxd5 32. Bd4+ Kg8 33. Qb8+ Qf8 34.
Qg3 Qf7 35. c3 Rhf5 36. Qb8+ Qf8 37. Qb7 Qf7 38. Qc8+ Qf8 39. Qb7 Qf7 40. Qa8+
Qf8 41. Qb7 1/2-1/2

[Event "TCh-FRA Top 12 2017"]
[Site "Chartres FRA"]
[Date "2017.05.25"]
[Round "8.3"]
[Board "1"]
[White "Gledura, Benjamin"]
[Black "Li, Chao b"]
[Result "1/2-1/2"]
[WhiteTitle "GM"]
[BlackTitle "GM"]
[WhiteElo "2602"]
[BlackElo "2722"]
[WhiteTeam "MULHOUSE Philidor"]
[BlackTeam "NICE Alekhine"]
[WhiteFideId "712779"]
[BlackFideId "8604436"]
[EventDate "2017.05.18"]

1. d4 Nf6 2. c4 g6 3. Nc3 d5 4. cxd5 Nxd5 5. e4 Nxc3 6. bxc3 Bg7 7. Be3 c5 8.
Rc1 O-O 9. Qd2 e5 10. d5 Nd7 11. f3 f5 12. Nh3 fxe4 13. fxe4 Nf6 14. Nf2 Qd6 15.
Be2 Bd7 16. c4 Rf7 17. O-O h5 18. Bf3 Raf8 19. Nd3 b6 20. h3 1/2-1/2

[Event "TCh-FRA Top 12 2017"]
[Site "Chartres FRA"]
[Date "2017.05.25"]
[Round "8.3"]
[Board "2"]
[White "Palac, Mladen"]
[Black "Istratescu, Andrei"]
[Result "1/2-1/2"]
[WhiteTitle "GM"]
[BlackTitle "GM"]
[WhiteElo "2573"]
[BlackElo "2596"]
[WhiteTeam "NICE Alekhine"]
[BlackTeam "MULHOUSE Philidor"]
[WhiteFideId "14500116"]
[BlackFideId "1200372"]
[EventDate "2017.05.18"]

1. e4 e5 2. Nf3 Nf6 3. Nxe5 d6 4. Nf3 Nxe4 5. d4 d5 6. Bd3 Nc6 7. O-O Be7 8.
Nbd2 Nxd2 9. Bxd2 Bg4 10. c3 O-O 11. h3 Bh5 12. Re1 Bd6 13. Bf5 h6 14. Qe2 Ne7
15. Bg4 Bxg4 16. hxg4 Qd7 17. g5 hxg5 18. Nxg5 Rfe8 19. Qd3 1/2-1/2

[Event "TCh-FRA Top 12 2017"]
[Site "Chartres FRA"]
[Date "2017.05.25"]
[Round "8.3"]
[Board "3"]
[White "Gajewski, Grzegorz"]
[Black "Gharamian, Tigran"]
[Result "1/2-1/2"]
[WhiteTitle "GM"]
[BlackTitle "GM"]
[WhiteElo "2634"]
[BlackElo "2626"]
[WhiteTeam "MULHOUSE Philidor"]
[BlackTeam "NICE Alekhine"]
[WhiteFideId "1116207"]
[BlackFideId "13301527"]
[EventDate "2017.05.18"]

1. c4 Nf6 2. Nc3 e6 3. e4 c5 4. e5 Ng8 5. Nf3 Nc6 6. d4 cxd4 7. Nxd4 Nxe5 8.
Ndb5 a6 9. Nd6+ Bxd6 10. Qxd6 f6 11. Be3 Ne7 12. Bb6 Nf5 13. Qb4 Qe7 14. Qxe7+
Nxe7 15. O-O-O d5 16. Be2 Kf7 17. b3 dxc4 18. bxc4 Nd7 19. Bc7 b6 20. Bf3 Ra7
21. Rxd7 Bxd7 22. Bxb6 Raa8 23. Bxa8 Rxa8 1/2-1/2

[Event "TCh-FRA Top 12 2017"]
[Site "Chartres FRA"]
[Date "2017.05.25"]
[Round "8.3"]
[Board "5"]
[White "Ider, Borya"]
[Black "Wagner, Dennis"]
[Result "1/2-1/2"]
[WhiteTitle "IM"]
[BlackTitle "GM"]
[WhiteElo "2456"]
[BlackElo "2571"]
[WhiteTeam "MULHOUSE Philidor"]
[BlackTeam "NICE Alekhine"]
[WhiteFideId "4901134"]
[BlackFideId "24650684"]
[EventDate "2017.05.18"]

1. d4 Nf6 2. Nf3 d5 3. Bf4 c5 4. e3 Nc6 5. c3 Qb6 6. Qb3 c4 7. Qc2 Bf5 8. Qc1
Nh5 9. Be5 f6 10. Bg3 e5 11. Be2 Nxg3 12. hxg3 exd4 13. Nxd4 Nxd4 14. cxd4 Bb4+
15. Nc3 Qa5 16. Bf3 O-O-O 17. Kd2 Qb6 18. Bd1 Be4 19. f3 Bg6 20. Bc2 Qd6 21. Rh3
Kb8 22. Ke2 Bf7 23. Kf2 h5 24. Qd2 Ba5 25. Rah1 Rhe8 26. Qc1 g6 27. Ne2 f5 28.
f4 Qb4 29. Rd1 Re6 30. Ng1 Rb6 31. b3 Rc8 32. Qb1 Be8 33. Nf3 Qa3 34. Rhh1 Bc3
35. Ne5 a5 36. g4 hxg4 37. Rh8 Ka7 38. Nxg6 g3+ 39. Kf3 cxb3 40. axb3 Rxg6 41.
Bxf5 Rgc6 42. Bxc8 Rxc8 43. Rdh1 Qd6 44. R1h6 Qd7 45. Qd3 Be1 46. R6h7 Qe6 47.
Rh6 Qd7 48. R6h7 Qe6 49. Rh6 1/2-1/2

[Event "TCh-FRA Top 12 2017"]
[Site "Chartres FRA"]
[Date "2017.05.25"]
[Round "8.3"]
[Board "6"]
[White "Rambaldi, Francesco"]
[Black "Riff, Jean-Noel"]
[Result "1/2-1/2"]
[WhiteTitle "GM"]
[BlackTitle "GM"]
[WhiteElo "2542"]
[BlackElo "2476"]
[WhiteTeam "NICE Alekhine"]
[BlackTeam "MULHOUSE Philidor"]
[WhiteFideId "20657307"]
[BlackFideId "611190"]
[EventDate "2017.05.18"]

1. d4 Nf6 2. c4 e6 3. Nf3 Bb4+ 4. Bd2 Qe7 5. g3 a5 6. Bg2 Bxd2+ 7. Qxd2 Qb4 8.
Na3 d5 9. O-O Qxd2 10. Nxd2 Bd7 11. Rac1 Na6 12. Nb5 Ke7 13. Nc3 Bc6 14. Rfd1
Rhd8 15. e3 Be8 16. h3 c6 17. Bf1 Rdb8 18. c5 Nc7 19. Na4 Nd7 20. Nb3 f6 21. f4
Bg6 1/2-1/2

[Event "TCh-FRA Top 12 2017"]
[Site "Chartres FRA"]
[Date "2017.05.25"]
[Round "8.4"]
[Board "1"]
[White "Sanikidze, Tornike"]
[Black "Flear, Glenn C"]
[Result "1/2-1/2"]
[WhiteTitle "GM"]
[BlackTitle "GM"]
[WhiteElo "2518"]
[BlackElo "2439"]
[WhiteTeam "C.E. STRASBOURG"]
[BlackTeam "Echecs Club MONTPELLIER"]
[WhiteFideId "13602608"]
[BlackFideId "400165"]
[EventDate "2017.05.18"]

1. d4 d5 2. c4 e6 3. Nf3 Nf6 4. Nc3 c6 5. cxd5 exd5 6. Qc2 g6 7. Bg5 Be7 8. e3
Bf5 9. Bd3 Bxd3 10. Qxd3 Nbd7 11. Bh6 Bf8 12. Bxf8 Kxf8 13. O-O Kg7 14. b4 a6
15. a4 Qe7 16. Rab1 Ne4 17. Nd2 Nd6 18. f3 f5 19. Rfe1 Rhe8 20. b5 axb5 21. axb5
Ra3 22. bxc6 bxc6 23. Qc2 Qf6 24. Nb3 Nb6 25. e4 fxe4 26. fxe4 dxe4 27. Nxe4
Nxe4 28. Rxe4 Rxe4 29. Qxe4 Nd5 30. Rf1 1/2-1/2

[Event "TCh-FRA Top 12 2017"]
[Site "Chartres FRA"]
[Date "2017.05.25"]
[Round "8.4"]
[Board "2"]
[White "Brochet, Philippe"]
[Black "Baklan, Vladimir"]
[Result "1/2-1/2"]
[WhiteTitle "IM"]
[BlackTitle "GM"]
[WhiteElo "2409"]
[BlackElo "2594"]
[WhiteTeam "Echecs Club MONTPELLIER"]
[BlackTeam "C.E. STRASBOURG"]
[WhiteFideId "602469"]
[BlackFideId "14102196"]
[EventDate "2017.05.18"]

1. d4 Nf6 2. Bg5 d6 3. Bxf6 exf6 4. c4 f5 5. Nc3 Nd7 6. g3 Nf6 7. Bg2 c6 8. e3
h5 9. h4 g6 10. Nge2 Bh6 11. b4 O-O 12. O-O Bd7 13. Qd3 Re8 14. Rfd1 Rc8 15. a4
Ng4 16. d5 c5 17. bxc5 Rxc5 18. Nb5 Ne5 19. Qb3 Nxc4 20. Rdc1 Qa5 21. Rxc4 Rxb5
22. axb5 Qxa1+ 23. Bf1 Qa5 24. b6 axb6 25. Rc7 Ba4 26. Qa3 Bg7 27. Rxb7 Rd8 28.
Nf4 Be5 29. Qc1 Qc5 30. Qb1 Bxf4 31. gxf4 Qxd5 32. Bg2 Qb3 33. Rxb6 Qxb1+ 34.
Rxb1 Kf8 35. Ra1 Bb3 36. Ra8 Rxa8 37. Bxa8 Bc2 38. Bd5 Be4 39. Bb3 Ke7 40. Kh2
d5 41. Kg3 Kd6 42. Ba4 Bd3 43. Be8 Ke6 44. Ba4 Bc4 45. Be8 Ba6 46. Ba4 Bc8 47.
Bd1 Kd6 48. Be2 Kc5 49. Bd1 Kb4 50. Bf3 Bb7 51. Be2 Bc6 52. Ba6 Bb5 53. Bb7 Kc5
54. Kh2 Bd3 55. Kg3 Bc4 56. Kh2 Kb6 57. Ba8 Kc7 58. Kg3 Kd6 59. Bb7 Bd3 60. Kh2
Kc5 61. Kg3 Bb5 62. Kh2 Bc4 63. Kg3 Kb6 1/2-1/2

[Event "TCh-FRA Top 12 2017"]
[Site "Chartres FRA"]
[Date "2017.05.25"]
[Round "8.4"]
[Board "5"]
[White "Rozentalis, Eduardas"]
[Black "Touzane, Olivier"]
[Result "1/2-1/2"]
[WhiteTitle "GM"]
[BlackTitle "IM"]
[WhiteElo "2535"]
[BlackElo "2277"]
[WhiteTeam "C.E. STRASBOURG"]
[BlackTeam "Echecs Club MONTPELLIER"]
[WhiteFideId "12800023"]
[BlackFideId "602906"]
[EventDate "2017.05.18"]

1. e4 e6 2. d4 d5 3. Nd2 h6 4. Ngf3 Nf6 5. e5 Nfd7 6. Be2 c5 7. c3 Nc6 8. a3 g5
9. h3 Qb6 10. Nf1 f6 11. exf6 Nxf6 12. Ng3 Bd6 13. Qd3 Rg8 14. O-O c4 15. Qc2
Bd7 16. Nh2 O-O-O 17. Ng4 Nxg4 18. Bxg4 Bxg3 19. fxg3 e5 20. Bxd7+ Rxd7 21. Be3
exd4 22. Bxd4 Nxd4 23. cxd4 Qxd4+ 24. Kh2 Qc5 25. Rf5 Qc7 26. Qe2 Rgd8 27. Rd1
Rd6 28. Rd4 b5 29. Qf2 Kb7 30. Rf7 R8d7 31. Rf8 a5 32. Qe1 Re7 33. Qd2 Red7 34.
Qe1 Qb6 35. Qe5 Qc7 1/2-1/2

[Event "TCh-FRA Top 12 2017"]
[Site "Chartres FRA"]
[Date "2017.05.25"]
[Round "8.5"]
[Board "1"]
[White "Wojtaszek, Radoslaw"]
[Black "Donchenko, Alexander"]
[Result "1/2-1/2"]
[WhiteTitle "GM"]
[BlackTitle "GM"]
[WhiteElo "2734"]
[BlackElo "2563"]
[WhiteTeam "CLICHY Echecs 92"]
[BlackTeam "VANDOEUVRE Echecs"]
[WhiteFideId "1118358"]
[BlackFideId "24603295"]
[EventDate "2017.05.18"]

1. d4 Nf6 2. c4 e6 3. Nf3 c5 4. d5 d6 5. Nc3 exd5 6. cxd5 g6 7. Nd2 Nbd7 8. e4
Bg7 9. Be2 O-O 10. O-O Re8 11. h3 a6 12. a4 h6 13. f4 Rb8 14. a5 b5 15. axb6
Rxb6 16. Nc4 Nxe4 17. Nxe4 Rxe4 18. Nxb6 Qxb6 19. Bf3 Rb4 20. Re1 Bd4+ 21. Kh1
Nf6 22. Qe2 Kg7 23. Qe7 Ng8 24. Qe8 Bb7 25. Bd2 Nf6 26. Qe7 Ng8 27. Qe8 Nf6 28.
Qe7 Rxb2 29. Ba5 Qb3 30. Qxd6 Bxd5 31. Bxd5 Qxd5 32. Qxd5 Nxd5 33. Ra3 Nxf4 34.
Bc7 Nxg2 35. Be5+ Bxe5 36. Rxe5 Nf4 37. Rxc5 Rb6 38. Rca5 Re6 39. Kh2 g5 40. Ra2
f6 41. Rxa6 Re3 42. R6a3 Re1 43. h4 Kg6 44. hxg5 hxg5 45. Ra8 Nd3 46. Rg8+ Kf7
47. Rb8 Re6 48. Raa8 Re2+ 49. Kg3 Re3+ 50. Kg2 Kg6 51. Ra6 Nf4+ 52. Kf2 Rc3 53.
Rf8 Nh5 54. Ra5 Ng3 55. Ra4 f5 56. Kg2 g4 57. Rf4 Kg5 58. Rf2 Ra3 59. Rg8+ Kh4
60. Rh8+ Kg5 61. Rg8+ Kh4 1/2-1/2

[Event "TCh-FRA Top 12 2017"]
[Site "Chartres FRA"]
[Date "2017.05.25"]
[Round "8.5"]
[Board "2"]
[White "Hamitevici, Vladimir"]
[Black "Hamdouchi, Hicham"]
[Result "1/2-1/2"]
[WhiteTitle "IM"]
[BlackTitle "GM"]
[WhiteElo "2487"]
[BlackElo "2586"]
[WhiteTeam "VANDOEUVRE Echecs"]
[BlackTeam "CLICHY Echecs 92"]
[WhiteFideId "13902393"]
[BlackFideId "9000011"]
[EventDate "2017.05.18"]

1. Nf3 Nf6 2. g3 c5 3. b3 Nc6 4. Bb2 d5 5. Bg2 d4 6. O-O e5 7. e3 Be7 8. exd4
exd4 9. c3 d3 10. c4 O-O 11. Ne5 Nd4 12. Nc3 Bf5 13. f4 Rb8 14. h3 h5 15. Kh2
Bd6 16. Rf2 Re8 17. Nd5 Bxe5 18. fxe5 Rxe5 19. Bxd4 cxd4 20. Qf1 Bg6 21. Nf4 h4
22. g4 Qd6 23. Kg1 Ne4 24. Bxe4 Rxe4 25. Nxg6 Qxg6 26. Qg2 Rbe8 27. Raf1 R8e7
28. c5 Qc6 29. b4 Re2 30. a3 a6 31. g5 Qxg2+ 32. Rxg2 R7e5 33. Rf4 Rxg2+ 34.
Kxg2 Rxg5+ 35. Kf2 Re5 36. Rxh4 Re2+ 37. Kf3 Rxd2 38. Rxd4 Rh2 39. Kg3 Rd2 40.
Kf3 Kf8 41. Ke4 Ke7 42. Rd6 Rd1 43. Rb6 f5+ 44. Kd4 d2 45. Rxb7+ Kd8 46. Kd3 Ra1
47. Kxd2 Rxa3 48. Rxg7 Rxh3 49. Rg6 Ra3 50. Kc2 Ke7 51. Rh6 f4 52. Kd2 Rb3 53.
Rxa6 1/2-1/2

[Event "TCh-FRA Top 12 2017"]
[Site "Chartres FRA"]
[Date "2017.05.25"]
[Round "8.6"]
[Board "2"]
[White "Neiksans, Arturs"]
[Black "Laznicka, Viktor"]
[Result "1/2-1/2"]
[WhiteTitle "GM"]
[BlackTitle "GM"]
[WhiteElo "2599"]
[BlackElo "2672"]
[WhiteTeam "Les Tours de Haute Picardie, SAINT QUENTIN"]
[BlackTeam "C.E. de BOIS COLOMBES"]
[WhiteFideId "11601388"]
[BlackFideId "316385"]
[EventDate "2017.05.18"]

1. Nf3 d5 2. g3 Nf6 3. Bg2 Bf5 4. O-O e6 5. c4 c6 6. d3 Nbd7 7. cxd5 cxd5 8. Nc3
Be7 9. Re1 Bg6 10. e4 dxe4 11. dxe4 Nc5 12. Qxd8+ Rxd8 13. Ne5 Nfd7 14. Nxg6
hxg6 15. Be3 Ne5 16. Rad1 O-O 17. Rxd8 Rxd8 18. Rd1 Rxd1+ 19. Nxd1 Nc4 20. Bc1
Nd3 21. Bf1 Nxc1 22. Bxc4 b5 23. Bxb5 1/2-1/2

[Event "TCh-FRA Top 12 2017"]
[Site "Chartres FRA"]
[Date "2017.05.25"]
[Round "8.6"]
[Board "5"]
[White "Shoker, Samy"]
[Black "Marcelin, Cyril"]
[Result "1/2-1/2"]
[WhiteTitle "GM"]
[BlackTitle "GM"]
[WhiteElo "2498"]
[BlackElo "2472"]
[WhiteTeam "C.E. de BOIS COLOMBES"]
[BlackTeam "Les Tours de Haute Picardie, SAINT QUENTIN"]
[WhiteFideId "627143"]
[BlackFideId "607274"]
[EventDate "2017.05.18"]

1. Nf3 d5 2. c4 c6 3. g3 Nf6 4. Bg2 g6 5. b3 Bg7 6. Bb2 O-O 7. O-O Bg4 8. d3
Nbd7 9. Nbd2 Re8 10. Rc1 a5 11. a3 e5 12. cxd5 cxd5 13. h3 Bxf3 14. Nxf3 Qb6 15.
e3 Re6 16. Nd2 Rc6 17. e4 Rxc1 18. Bxc1 dxe4 19. dxe4 Nc5 20. a4 Rd8 21. Qc2 Qb4
22. Nc4 Nxb3 23. Nxe5 Qxa4 24. Nxf7 Kxf7 25. e5 Qb5 26. Bg5 a4 27. exf6 Bxf6 28.
Bxf6 Kxf6 29. Re1 Rd7 30. Qc3+ Nd4 31. Re4 Qb6 32. Qa3 Qb3 33. Qf8+ Qf7 34. Qc5
Ne6 35. Qc3+ Ke7 36. Qb4+ Kf6 37. Qc3+ Ke7 38. Qa3+ Kf6 39. Qa1+ Ke7 40. Qa3+
Kf6 41. Qa1+ Ke7 42. Qxa4 Qf6 43. h4 Rd4 44. Qa3+ Kf7 45. Re3 Kg7 46. Bxb7 Rd7
47. Rf3 Qe7 48. Qb2+ Nd4 49. Kg2 Qe5 50. Rf4 Nc6 51. Qa3 Qd6 52. Qb2+ Nd4 53.
Bf3 Kh6 54. Be4 Qe5 55. Qa1 Kg7 56. Qa8 Ne6 57. Rf3 Rf7 58. Rxf7+ Kxf7 59. Qb7+
Qc7 60. Qb2 Qc4 61. Qb1 Kg7 62. Bf3 Nd4 63. Qb2 Qc5 64. Qb7+ Kh6 65. Bd5 Nf5 66.
Qf7 Qe7 67. Qg8 Qf6 68. Be4 Ne7 69. Qd8 Kg7 70. Qd7 Qe5 71. Bf3 h5 72. Qb7 Kh6
73. Qa8 Kg7 74. Be4 Qe6 75. Qa1+ Qf6 76. Qa5 Qe6 77. Bf3 Qf6 78. Bxh5 gxh5 79.
Qxh5 Ng6 80. Qg4 Kh6 81. Qe4 Qe5 82. Qxe5 Nxe5 83. f3 Kh5 84. Kf2 Nc4 85. Ke2
Ne5 86. Ke3 Nc4+ 87. Kd3 Nd6 88. Ke3 Nf5+ 89. Kf4 Nd4 90. Ke3 Nf5+ 91. Kf2 Nd4
92. Kg2 Ne2 93. Kf2 Nd4 94. Ke3 Nf5+ 95. Kf4 Nd4 96. Ke4 Ne2 97. g4+ Kxh4 98.
Ke3 Ng1 99. Kf4 Nxf3 1/2-1/2

[Event "TCh-FRA Top 12 2017"]
[Site "Chartres FRA"]
[Date "2017.05.25"]
[Round "8.6"]
[Board "7"]
[White "Dionisi, Thomas"]
[Black "Relange, Eloi"]
[Result "1/2-1/2"]
[WhiteTitle "FM"]
[BlackTitle "GM"]
[WhiteElo "2392"]
[BlackElo "2464"]
[WhiteTeam "C.E. de BOIS COLOMBES"]
[BlackTeam "Les Tours de Haute Picardie, SAINT QUENTIN"]
[WhiteFideId "651893"]
[BlackFideId "600822"]
[EventDate "2017.05.18"]

1. e4 c5 2. Nf3 d6 3. d4 cxd4 4. Nxd4 a6 5. Nc3 e6 6. a4 b6 7. Be2 Bb7 8. f4 e5
9. Nf5 g6 10. Ne3 Nf6 11. O-O Nbd7 12. Ned5 Bg7 13. Bc4 O-O 14. f5 b5 15. axb5
axb5 16. Rxa8 Bxa8 17. Bxb5 Nxd5 18. exd5 Qb6+ 19. Kh1 Nf6 20. Bg5 e4 21. b3 e3
22. Bc4 Nd7 23. f6 Bh8 24. Qf3 Re8 25. Bb5 Qc7 26. Bxd7 Qxd7 27. Re1 Re5 28. h4
h6 29. Bxh6 Rf5 30. Qxe3 Bxf6 31. Ne4 Bxd5 32. Nxf6+ Rxf6 33. c4 Bc6 34. Qg3 Re6
35. Rxe6 Qxe6 36. Kh2 d5 37. cxd5 Qxd5 38. Bf4 Kf8 39. Bd6+ Kg7 40. b4 Qe4 41.
Qg5 Qd5 42. Be5+ Kf8 43. Qg3 Ke7 44. Bf4 Kd7 45. Qf2 Ke6 46. Qe2+ Qe4 47. Qd2
Qd5 48. Qb2 Kd7 49. Qf2 Ke6 50. Qg3 Kd7 51. Be3 Ke6 52. Bf4 Kd7 53. Qg4+ Ke7 54.
Qe2+ Kd7 55. Qf2 Ke6 56. g4 Qf3 57. Qxf3 Bxf3 58. Kg3 Be2 59. Bb8 f5 60. gxf5+
Kxf5 61. Bc7 Ke6 62. Kf4 Kd7 63. Be5 Kc6 1/2-1/2

[Event "TCh-FRA Top 12 2017"]
[Site "Chartres FRA"]
[Date "2017.05.26"]
[Round "9.1"]
[Board "1"]
[White "Bailet, Pierre"]
[Black "Gajewski, Grzegorz"]
[Result "1/2-1/2"]
[WhiteTitle "IM"]
[BlackTitle "GM"]
[WhiteElo "2519"]
[BlackElo "2634"]
[WhiteTeam "VANDOEUVRE Echecs"]
[BlackTeam "MULHOUSE Philidor"]
[WhiteFideId "655830"]
[BlackFideId "1116207"]
[EventDate "2017.05.18"]

1. e4 c5 2. Nf3 e6 3. d4 cxd4 4. Nxd4 Nc6 5. Nc3 Qc7 6. Be3 a6 7. Bd3 Nf6 8. O-O
Nxd4 9. Bxd4 Bc5 10. Be2 e5 11. Bxc5 Qxc5 12. Qd3 b5 13. b4 Qxb4 14. a4 Bb7 15.
axb5 axb5 16. Rxa8+ Bxa8 17. Rb1 Qd4 18. Qxd4 exd4 19. Nxb5 Bxe4 20. Nxd4 O-O 1/2-1/2

[Event "TCh-FRA Top 12 2017"]
[Site "Chartres FRA"]
[Date "2017.05.26"]
[Round "9.1"]
[Board "4"]
[White "Sokolov, Andrei1"]
[Black "Hamitevici, Vladimir"]
[Result "1/2-1/2"]
[WhiteTitle "GM"]
[BlackTitle "IM"]
[WhiteElo "2505"]
[BlackElo "2487"]
[WhiteTeam "MULHOUSE Philidor"]
[BlackTeam "VANDOEUVRE Echecs"]
[WhiteFideId "627089"]
[BlackFideId "13902393"]
[EventDate "2017.05.18"]

1. e4 g6 2. d4 Bg7 3. Nc3 c6 4. h3 d6 5. Be3 b5 6. Nf3 Nd7 7. Qd2 Qc7 8. Bd3 Bb7
9. O-O Ngf6 10. Ne2 c5 11. dxc5 dxc5 12. Bxb5 Nxe4 13. Qd3 Rd8 14. Rad1 O-O 15.
Bxd7 c4 16. Qa3 Rxd7 17. Qxa7 Rxd1 18. Rxd1 Bxb2 19. Qb6 Qxb6 20. Bxb6 Bc6 21.
Nd2 Bf6 22. Nxe4 Bxe4 23. c3 Bc2 24. Rd7 e5 25. Bc5 Rb8 26. Bb4 Rd8 27. Rd6 Bg5
28. Ng3 Ra8 29. Rc6 f5 30. a3 Bc1 31. Nf1 Rd8 32. Rd6 Rxd6 33. Bxd6 e4 34. Ne3
Bb3 35. a4 Bxa4 36. Nxc4 Kf7 37. Ne3 g5 38. Nxf5 Ke6 39. g4 h5 40. Bc5 hxg4 41.
hxg4 Bd2 42. Be3 Bxc3 43. Bxg5 Bd1 44. Ne3 Bxg4 45. Nxg4 Kf5 46. Nf6 Ke5 1/2-1/2

[Event "TCh-FRA Top 12 2017"]
[Site "Chartres FRA"]
[Date "2017.05.26"]
[Round "9.1"]
[Board "7"]
[White "Le Corre, Benjamin"]
[Black "Burri, Quentin"]
[Result "1/2-1/2"]
[WhiteTitle "FM"]
[BlackTitle "FM"]
[WhiteElo "2261"]
[BlackElo "2378"]
[WhiteTeam "VANDOEUVRE Echecs"]
[BlackTeam "MULHOUSE Philidor"]
[WhiteFideId "639605"]
[BlackFideId "26028654"]
[EventDate "2017.05.18"]

1. e4 c5 2. Nf3 e6 3. d4 cxd4 4. Nxd4 Nf6 5. Bd3 Nc6 6. Nxc6 bxc6 7. O-O d5 8.
Nd2 Be7 9. Qe2 O-O 10. b3 Bb4 11. e5 Nd7 12. Nf3 Be7 13. c4 Nc5 14. Bc2 a5 15.
Nd4 Bb7 16. Rd1 Qe8 17. Rb1 Qc8 18. Ba3 Re8 19. Qe3 Nd7 20. Bxe7 Rxe7 21. cxd5
exd5 22. Nf5 Rxe5 23. Ne7+ Rxe7 24. Qxe7 Nf6 25. Rd3 Ba6 26. Rg3 Qe6 27. Qc5 Nd7
28. Qd4 g6 29. Re3 Qd6 30. Rd1 Bb7 31. Qh4 Nf6 32. Bb1 c5 33. Qg3 Qc6 34. Ree1
Kg7 35. Rc1 Rd8 36. Bd3 d4 37. f3 Qb6 38. Bc4 Bd5 39. Red1 Qe6 40. Bd3 Qe7 41.
Re1 Qa7 42. Qe5 a4 43. Qe7 Qxe7 44. Rxe7 axb3 45. axb3 Bxb3 46. Rxc5 Be6 47. Rb7
Nd7 48. Ra5 Kf6 49. g4 h6 50. h4 g5 51. hxg5+ hxg5 52. Rbb5 Rc8 53. Kf2 Nb8 54.
Bf5 Nc6 55. Bxe6 Kxe6 56. Rc5 f6 57. Ra6 Kd7 58. Rc4 Rc7 59. Ra1 Kd6 60. Rac1
Kd5 61. Rc5+ Kd6 62. R5c4 Kd5 63. Rc5+ Kd6 64. Rb5 Re7 65. Rb6 Rc7 66. Ke2 Kd5
67. Kd2 Kd6 68. Rc2 Kd5 69. Rb5+ Kd6 70. Rc4 Kd7 71. Rbc5 Kd6 72. Rc1 Kd7 73.
Rf5 Ke6 74. Ke1 Re7 75. Kf2 Ne5 76. Ra1 Kf7 77. Ra6 Re6 78. Ra7+ Kg6 79. Ra5 d3 1/2-1/2